Vidiek dvojtýždenník občanov okresu Košice-vidiek

Podrobná bibliografia
Predchádzajúci názov:Zora východu
Médium: Noviny
Jazyk:slovenčina
Fyzický popis:1 zv. 47 cm
Vydavateľské údaje: Košice Okresný úrad Košice-vidiek 1991-1991
Predmet:

MARC

LEADER 00000cas a2200000 a 4500
001 vtls009482078
003 SK-MaSNL
005 20260228155931.0
008 141215d19911991xo sr|ne | b0slo c
040 |a SVKPO  |b slo  |c SVKPO  |d SNK  |e AACR2 
041 0 |a slo 
043 |a e-xo--- 
044 |a xo  |c SK 
072 7 |a 352/354  |x Stupne miestnej, oblastnej a ústrednej správy 
080 |a 32  |2 2001 
080 |a 050  |2 2001 
080 |a 32.019.5  |2 2001 
080 |a (437.6)  |2 2001 
245 0 0 |a Vidiek  |b dvojtýždenník občanov okresu Košice-vidiek 
260 |a Košice  |b Okresný úrad Košice-vidiek  |c 1991-1991 
300 |a 1 zv.  |b 47 cm 
310 |a 2x týždenne 
362 0 |a Roč. 1 (33), č. 1 (1991)-roč. 1 (33), č. 12 (1991) 
650 0 7 |a územná samospráva  |2 SNKPH  |9 802 
651 7 |a Košice (Slovensko)  |2 SNKPH  |9 18694 
655 7 |a regionálne noviny  |2 SNKPH  |9 265294 
780 0 0 |t Zora východu  |w vtls010264435 
910 |a snk 
910 |a svkpo 
916 |a 1991 
999 |c 937  |d 937 
952 |0 0  |1 0  |4 0  |7 0  |a SNK  |b SNK  |d 1998-04-02  |l 0  |o snkČSA 620/1(33)/1991 D1  |p 17A0132728  |r 2005-01-02 00:00:00  |t č. 1-48  |w 2026-02-21  |y PREZ 
952 |0 0  |1 0  |4 0  |7 0  |a SNK  |b SNK  |d 2014-11-19  |f 1  |i snkČSP 210/94  |l 0  |o snkČSA 620/1(33)/1991   |p 17A0778024  |r 2026-02-21 21:11:36  |t č. 1-12  |w 2026-02-21  |y PREZ